000 00678nam a22002057i 4500
999 _c22822
_d22822
003 AR-CdUCM
008 240409b20192019pe ||||| |||| 00| 0 spa d
020 _a978-612-48107-0-1
040 _aMUNICIPALIDAD PROVINCIAL DEL CUSCO
_cBIBLIOTECA MUNICIPAL DEL CUSCO
041 _hspa
082 _2segunda
_a869.56 / R7816V
_bR7816V
100 _aRojas Loyola, Lis Geraldine
_949526
245 _aVa a anochecer :
_bUna historia real de lucha y superación /
260 _aLima :
_bL & R Consulting Corp.,
_c2019
300 _a135 Páginas. :
_c20.8 cm.
650 _aLa separación.
_949532
650 _aLa ley Brunito.
_949533
942 _2ddc
_cLIBROS
945 _apbj
_d2024-04-09